Tratado de la conformidad con la voluntad de Dios

Sparad:
Bibliografiska uppgifter
Huvudupphovsmän: Rodríguez, Alfonso (Författare, medförfattare), Almeida, Teodoro de (Författare, medförfattare)
Materialtyp: Bok
Språk:spanska
Publicerad: Barcelona Librería Religiosa 1891
Upplaga:1a. ed
Ämnen:
Taggar: Lägg till en tagg
Inga taggar, Lägg till första taggen!

MARC

LEADER 00000cam a2200000 a 4500
001 UCD1007
003 CL-VaPUC
008 151231e18910000sp |||||||||||||||||spa|d
082 0 4 |a 232  |b ROD  |2 21 
100 0 |a Rodríguez, Alfonso  |e author  |9 584085 
700 0 |a Almeida, Teodoro de  |e author  |9 584086 
245 1 0 |a Tratado de la conformidad con la voluntad de Dios 
246 1 0 |a Tesoro de paciencia o consuelo del alma atribulada 
250 |a 1a. ed 
300 |a 352 p 
942 |c BK 
945 |d 20151231 00:35:00  |a gsalatino 
260 |a Barcelona  |b Librería Religiosa  |c 1891 
600 0 |a Dios  |9 314467 
650 0 |a Cristología   |9 315091 
650 0 |a Teología   |9 258766 
650 0 |a Voluntad divina  |9 399246 
583 |a last modification  |c 20151231 00:35:00  |k Rodrigo Vera 
999 |c 362437  |d 362435 
952 |0 0  |1 0  |3 erd  |4 0  |6 232_000000000000000_ROD_1891  |7 0  |8 P  |9 473705  |a BIBTEO  |b BIBTES  |c TEO_FTES  |i 5275261  |o 232 ROD 1891  |p 5275261  |r 2024-01-18  |w 2019-11-24  |y BK  |z Catalogado en:20151231  |k ICR